000 00371nam a2200145 a 4500
008 990120s1963||||xx 0 und c
040 _aSNK
_bslo
_cSNK
_eAACR2
100 1 _aĎuríčková, Mária
_d1919-
245 1 0 _aStíhač na galuskách
260 _aBratislava
_bSlovenský spisovateľ
_c1963
300 _a160 s.
020 _c10
044 _axo
_cSK
041 _aslo
999 _c10271
_d10271